Statistics for Former colonies & enclaves in China 中國租界及殖民地

Click here to take the quiz!

General Stats

  • This quiz has been taken 975 times
  • The average score is 23 of 40

Answer Stats

HintAnswer% Correct
Great Britain (1841-1997)Hong Kong
97%
Portugal (1557-1999)Macau
93%
Great Britain (1846-1863)Shanghai
84%
International (1863-1945)Shanghai
84%
United States (1843-1863)Shanghai
84%
France (1849-1946)Shanghai
84%
International (1861-1945)Beijing Legation Quarter
79%
France (1861-1946)Shamian Island, Guangzhou
71%
Great Britain (1861-1945)Shamian Island, Guangzhou
71%
Russia (1896-1952)Chinese Eastern Railway
68%
Germany (1895-1917)Tianjin
67%
Japan (1898-1943)Tianjin
67%
France (1861-1946)Tianjin
67%
Austria-Hungary (1902-1917)Tianjin
67%
Russia (1900-1924)Tianjin
67%
Belgium (1902-1931)Tianjin
67%
United States (1860-1902)Tianjin
67%
Great Britain (1860-1943)Tianjin
67%
Italy (1902-1947)Tianjin
67%
Japan (1914-1922)Qingdao
57%
Japan (1895-1945)Taiwan
57%
Germany (1898-1914)Qingdao
56%
Japan (1905-1945)Dalian
51%
Russia (1898-1905)Dalian
51%
Japan (1934-1945)Manchukuo
47%
Japan (1905-1945)South Manchuria Railway Zone
46%
Great Britain (1861-1927)Hankou, Wuhan
45%
Russia (1896-1924)Hankou, Wuhan
45%
France (1896-1946)Hankou, Wuhan
45%
Germany (1895-1917)Hankou, Wuhan
45%
Japan (1898-1943)Hankou, Wuhan
45%
International (1903-1945)Gulangyu Island, Xiamen
44%
Great Britain (1852-1930)Xiamen
44%
Japan (1897-1943)Hangzhou
38%
Japan (1901-1931)Chongqing
36%
Japan (1897-1943)Suzhou
26%
Great Britain (1898-1930)Weihai
23%
France (1898-1946)Zhanjiang
16%
Great Britain (1861-1927)Jiujiang
7%
Great Britain (1861-1929)Zhenjiang
7%

Score Distribution

Percentile by Number Answered

Percent of People with Each Score

Your Score History

You have not taken this quiz